| 000 | 00976cad a22002415a 4500 | ||
|---|---|---|---|
| 001 | E152881 | ||
| 008 | 110510s2010 xxk f 000 0 eng d | ||
| 035 | _a(Sirsi) u152881 | ||
| 041 | 0 | _aeng | |
| 100 | 1 | _aChishna, Naeeda | |
| 245 | 0 | 0 |
_aEmbodied carbon in natural building stone in Scotland _h[electronic resource] |
| 260 |
_aEdinburgh _bHistoric Scotland _c2010 |
||
| 490 | 0 |
_aHistoric Scotland Technical Paper _v(7) |
|
| 520 | _aAssesses the carbon embodied in natural building stone used in Scotland, in order to judge the carbon footprint of sandstone, granite and slate from the UK and overseas. | ||
| 590 | _aKA | ||
| 651 | 4 |
_aScotland _y1999- |
|
| 690 | _aBUILT ENVIRONMENT-BUILDING MATERIALS-STONE | ||
| 700 | 1 | _aGoodsir, Suzy | |
| 700 | 1 | _aBanfill, Phil | |
| 700 | 1 | _aBaker, Keith | |
| 856 | 4 | 0 |
_uhttps://www.historic-scotland.gov.uk/publicationsresultsdetail.htm?id=4dc88ed27 _zView the report free of charge at www.historic-scotland.gov.uk |
| 942 | _n0 | ||
| 999 |
_c112246 _d112246 |
||